000 01557nam a2200301 a 4500
001 85974
003 BD-RjUL
005 20251119123406.0
008 251119s2025 bg a s o000 0|eng||
020 _a9789844753099
_c1000.00 BDT
035 _a(BD-RjUL)85974
040 _aDLC
_cDLC
_dDLC
_dBD-RjUL
_beng
041 0 _aengben
082 _223
_a304.6095492
_bRAJ 2025
110 _aBangladesh Bureau of Statistics.
_9179266
245 1 0 _aজনশুমারি ও গৃহগণনা ২০২২ = Population and Housing Census 2022 :
_bকমিউনিটি রিপোর্ট : রাজশাহী = Community Report : Rajshahi /
_cBangladesh Bureau of Statistics, Statistics and Informatics Division, Ministry of Planning, Govt. of the People's Republic of Bangladesh.
246 _aজনশুমারি ও গৃহগণনা ২০২২ :
_bকমিউনিটি রিপোর্ট :রাজশাহী
246 _aPopulation and Housing Census 2022 :
_bCommunity Report : Rajshahi
264 _aDhaka :
_bBangladesh Bureau of Statistics,
_c2025
300 _axvii, 1069 pages :
_billustrations, (color) ;
_c28 cm.
490 _aCommunity Report : Rajshahi
500 _aPrefatory matter in Bengali and English.
650 _aHousing
_zBangladesh
_xStatistics.
_914521
651 _aBangladesh
_xPopulation
_xStatistics.
_93381
651 _aBangladesh
_xCensus, 2024
_914520
710 _aMinistry of Planning
_b Statistics and Informatics Division Bangladesh ; Bureau of Statistics
_914516
942 _2ddc
_cRAR
999 _c85974
_d85974